dates histoire2 - Statistiques

Statistiques générales
  • Ce quiz a été pris 17 fois
  • Le résultat moyen est 3 sur 15
Statistiques - réponses
Hint Réponse % Correct
1337-1453 guerre de cent ans
80%
1492 découverte amérique
27%
1356 bataille de poitiers
20%
1461-1483 règne louis 11
20%
1226-1270 règne louis 9
20%
1253 création université sorbonne
13%
1348 grande peste
13%
1204 prise constantinople par les latins
13%
1285-1314 règne phillipe 4 le bel
13%
1415 bataille d'azincourt remportée par les anglais
7%
1214 bataille de bouvines remportée par phillipe auguste
7%
1453 constantinople prise par les turcs
7%
1492 fin de la reconquista
7%
1429 jeanne d'arc lève le siège d'orléans
7%
1364-1380 règne charlemagne 5 le sage
7%
Aucun quiz correspondant
Distribution des résultats
% des personnes avec chaque résultat
Percentile par nombre de réponses
Votre historique - résultats
Vous n’avez pas pris ce quiz